| 000 | 02162cam a2200289 4500500 | ||
|---|---|---|---|
| 005 | 20251228050232.0 | ||
| 041 | _afre | ||
| 042 | _adc | ||
| 100 | 1 | 0 |
_aChevallier, Philippe _eauthor |
| 245 | 0 | 0 | _aIntériorité et extériorité chez Kierkegaard |
| 260 | _c2013. | ||
| 500 | _a95 | ||
| 520 | _aKierkegaard penseur romantique n’opposant aux systèmes philosophiques que sa subjectivité solitaire : tel est le reproche fréquent que semble renforcer la place dans son œuvre du rapport individuel à Dieu. Or c’est justement par sa pensée religieuse que Kierkegaard échappe au subjectivisme, appliquant au domaine de l’émotion individuelle des déterminations conceptuelles qu’il n’appartient pas au sujet de régir. La révélation que prétend avoir reçue un contemporain de Kierkegaard, le pasteur Adler, est l’occasion pour le penseur danois d’accentuer encore la séparation entre la vérité chrétienne et l’intériorité. | ||
| 520 | _aExteriority and Interiority in KierkegaardA romantic thinker whose only alternative to philosophical systems is his solitary subjectivity : such is the frequent criticism of Kierkegaard that the place in his work of the individual relationship with God seems to strengthen. However it is precisely by his religious thought that Kierkegaard escapes subjectivism, applying to the field of individual emotion conceptual determinations which the subject is not in a position to govern. The revelation which a contemporary of Kierkegaard, Pastor Adler, claims to have received is the occasion for the Danish thinker to accentuate the gap between the truth of Christianity and the field of interiority. | ||
| 690 | _aextériorité | ||
| 690 | _aintériorité | ||
| 690 | _areligiosité | ||
| 690 | _arévélation | ||
| 690 | _asubjectivité | ||
| 690 | _aexteriority | ||
| 690 | _ainteriority | ||
| 690 | _areligiousness | ||
| 690 | _arevelation | ||
| 690 | _asubjectivity | ||
| 786 | 0 | _nArchives de philosophie | 76 | 4 | 2013-10-28 | p. 651-659 | 0003-9632 | |
| 856 | 4 | 1 | _uhttps://shs.cairn.info/revue-archives-de-philosophie-2013-4-page-651?lang=fr&redirect-ssocas=7080 |
| 999 |
_c1580238 _d1580238 |
||